000 00872nam a2200229 i 4500
001 bg
245 7 0 _aModelowanie matematyczne zjawisk elektromagnetycznych w maszynach elektrycznych /
_cTadeusz J. Sobczyk [i in.] ; Politechnika Krakowska im. Tadeusza Kościuszki.
260 _aKraków :
_bPK,
_c1994.
300 _a139 s. :
_brys., wykr. ;
_c24 cm.
490 1 _aMonografia / Politechnika Krakowska. Inżynieria Elektryczna,
_x0860-097X ;
_v162
504 _aBibliogr. przy pracach. - Streszcz., summ.
650 9 _aMaszyny elektryczne
_xteoria
650 9 _aModele matematyczne
_xstosowanie
650 9 _aElektromagnetyzm
700 1 _aSOBCZYK, Tadeusz J.
830 0 _aMonografia (Politechnika Krakowska).
_pInżynieria Elektryczna
040 _cBPK
041 0 _apl
080 _a621.313::51:537.8
942 _cKS
008 s pl f |000 0 pol
999 _c30243
_d30243
856 _uhttp://koha.tu.koszalin.pl/cgi-bin/koha/opac-detail.pl?biblionumber=30243
_yKatalog online BPK